Statistics for Cell Phone Brands in the Philippines

Click here to take the quiz!

General Stats

  • This quiz has been taken 894 times
  • The average score is 9 of 25

Answer Stats

Answer% Correct
Samsung
98%
Apple
87%
Nokia
82%
Oppo
82%
Vivo
72%
Huawei
71%
BlackBerry
46%
Motorola
46%
LG
42%
Sony
42%
Xiaomi
41%
Lenovo
34%
Asus
33%
Alcatel
27%
Acer
25%
HTC
14%
Google
13%
Microsoft
9%
Oneplus
9%
ZTE
6%
Toshiba
5%
Vodafone
4%
Lava
1%
Gigabyte
0%
Xolo
0%

Score Distribution

Percentile by Number Answered

Percent of People with Each Score

Your Score History

You have not taken this quiz